Status confessionis? : (Registro nro. 70440)
[ vista simple ]
| 000 -LÍDER | |
|---|---|
| Campo fijo de descripción fija | 01532nab a2200241 i 4500 |
| 001 - NÚMERO DE CONTROL | |
| Campo de control | 768714001 |
| 003 - IDENTIFICADOR DEL NÚMERO DE CONTROL | |
| Campo de control | CO-MdFUSB |
| 005 - FECHA Y HORA DE LA ULTIMA TRANSACCIÓN | |
| control field | 20240708084508.0 |
| 008 - ELEMENTOS DE LONGITUD FIJA -- INFORMACIÓN GENERAL | |
| Campo fijo de descripción fija -- Información general | 240708t1996 sz ||||| |||| 00| 0 eng d |
| 040 ## - FUENTE DE CATALOGACIÓN | |
| Idioma de catalogación | spa |
| Agencia que realiza la transcripción | CO-MdFUSB |
| Agencia que realiza la modificación | CO-MdFUSB |
| 041 ## - CÓDIGO DE IDIOMA | |
| Código de idioma para texto/pista de sonido o título separado | eng |
| 100 ## - ASIENTO PRINCIPAL--NOMBRE PERSONAL | |
| Nombre personal | Möller, Ulrich, |
| Término relacionador | autor |
| 245 1# - TÍTULO | |
| Título | Status confessionis? : |
| Subtitulo | confessing our faith in the context of economic injustice |
| Mención de responsabilidad | / Ulrich Möller |
| 520 ## - NOTA DE RESUMEN, ETC. | |
| Nota de sumario, etc. | La cuestión del estatus de confesión, planteada demasiado pronto, puede que no respalde, sino que obstaculice, el tan necesario proceso de confesionis (proceso confesional) en el que estamos llamados a participar. ¿Cómo podemos responder al grito urgente de las víctimas de un orden económico injusto? ¿Cómo podemos todos responder apropiadamente a nuestros hermanos y hermanas africanos que ahora están planteando la cuestión del estatus denominacional? ¿Cómo encontramos respuestas comunes? ¿Coincide con nuestras diferentes situaciones, demostrando que la iglesia tiene el desafío de confesar o negar el evangelio en este tema crítico? |
| 546 ## - NOTA DE IDIOMA | |
| Nota de idioma | Texto en inglés. |
| 650 #7 - ASIENTO SECUNDARIO DE MATERIA - TERMINO TEMÁTICO | |
| Término temático o nombre geográfico como elemento de entrada | Fe |
| 9 (RLIN) | 531 |
| 650 #7 - ASIENTO SECUNDARIO DE MATERIA - TERMINO TEMÁTICO | |
| Término temático o nombre geográfico como elemento de entrada | Justicia social |
| Subdivisión general | Aspectos religiosos |
| -- | Cristianismo |
| 9 (RLIN) | 6929 |
| 650 #0 - ASIENTO SECUNDARIO DE MATERIA - TERMINO TEMÁTICO | |
| Término temático o nombre geográfico como elemento de entrada | Cristianismo y economía |
| 9 (RLIN) | 1199 |
| 650 #0 - ASIENTO SECUNDARIO DE MATERIA - TERMINO TEMÁTICO | |
| Término temático o nombre geográfico como elemento de entrada | Iglesia y problemas mundiales |
| 9 (RLIN) | 912 |
| 773 0# - ASIENTO DE ITEM FUENTE | |
| Biblionumber | 49396 |
| Itemnumber | 59534 |
| Lugar, editorial y fecha de publicación | Ginebra |
| Otro identificador del ítem | R1143 |
| Título | Reformed World |
| Número de control del registro | (CO-MdFUSB)38 |
| Número Internacional Normalizado para Publicaciones Seriadas (ISSN) | 0034-3056 |
| Parte(s) relacionada(s) / Volumen., número. (mes año), páginas | Volumen 46, (número 3, 1996) páginas: 138 - 144 |
| Enumeración y primera página | página: 138 |
| 942 ## - TIPO DE MATERIAL (KOHA) | |
| Tipo de Item KOHA | Artículos de Revista |
| 945 ## - INFORMACIÓN LOCAL DEL REGISTRO | |
| Catalogador | Catherine Arias Álvarez - Practicante SENA |
No hay ítems disponibles.
